| 000 | 00725nam a22002417a 4500 | ||
|---|---|---|---|
| 003 | OSt | ||
| 005 | 20250701161252.0 | ||
| 008 | 201015t1991 ck a|||er|||| 00| p spa d | ||
| 020 | _a9589227279 | ||
| 040 |
_aCO-JMCR _cCO-JMCR |
||
| 041 | 0 | _aspa | |
| 082 | 0 | 4 |
_aA-P _bHOMi1 |
| 100 | 1 |
_aHomero, _eautor _9544 |
|
| 245 | 1 | 3 |
_aLa ilíada / _cHomero |
| 260 |
_aBogotá : _bEdiciones Plus, _c©1991. |
||
| 300 |
_a110 páginas : _bilustraciones a color ; _c18 cm. |
||
| 500 | _aBest sellers de la literatura juvenil. | ||
| 650 | 1 | 4 |
_aPoesía épica. _9545 |
| 650 | 2 | 4 |
_aHéroes en la literatura. _9547 |
| 700 | 1 |
_aRodriguez, Armonía, _eadaptadora _941961 |
|
| 700 | 1 |
_aDurán, Jesús, _eilustrador _941962 |
|
| 942 |
_2ddc _cBK |
||
| 999 |
_c6916 _d6916 |
||